Key Findings 2011/12 Household Budget Survey Tanzania Mainland (Record no. 6920)

000 -LEADER
fixed length control field 00489nam a22001217a 4500
008 - FIXED-LENGTH DATA ELEMENTS--GENERAL INFORMATION
fixed length control field 200406b ||||| |||| 00| 0 eng d
100 ## - MAIN ENTRY--PERSONAL NAME
Personal name The United Republic of Tanzania
245 ## - TITLE STATEMENT
Title Key Findings 2011/12 Household Budget Survey Tanzania Mainland
Statement of responsibility, etc. The United Republic of Tanzania
Medium English
260 ## - PUBLICATION, DISTRIBUTION, ETC. (IMPRINT)
Place of publication, distribution, etc. Dar Es Salaam
Name of publisher, distributor, etc. National Bureau of Statistics
Date of publication, distribution, etc. 2013
300 ## - PHYSICAL DESCRIPTION
Extent 10p.
Other physical details Illustration
Dimensions 27cm
650 ## - SUBJECT ADDED ENTRY--TOPICAL TERM
Source of heading or term Key findings 2011/12 household budget survey Tanzania Mainland
942 ## - ADDED ENTRY ELEMENTS (KOHA)
Source of classification or shelving scheme
Koha item type BOOKS
Holdings
Withdrawn status Lost status Source of classification or shelving scheme Damaged status Not for loan Home library Current library Date acquired Total Checkouts Barcode Date last seen Price effective from Koha item type
          Mwanza Mwanza 06/04/2020   10000002376 06/04/2020 06/04/2020 BOOKS

IRDP © 2019 :: Managed by IRDP ICT Unit